| 000 | 01025cam a2200301 a 4500 | ||
|---|---|---|---|
| 001 | 1071623 | ||
| 003 | Nust | ||
| 005 | 20220829144142.0 | ||
| 008 | 910913s1992 nyu 000 1 eng | ||
| 010 | _a 91036185 | ||
| 020 |
_a978-0752817002 _cRs. 236 |
||
| 038 | _aArshad | ||
| 040 |
_aDLC _cDLC _dDLC _dOCoLC _dDLC |
||
| 043 | _an-us-ca | ||
| 050 | 0 | 0 |
_aPS3553.R264 _bL85 1992 |
| 082 | 0 | 0 |
_a823 _bCRA |
| 100 | 1 |
_aCrais, Robert. _912130 |
|
| 245 | 1 | 0 |
_aLullaby Town / _cRobert Crais. |
| 260 |
_aNew York : _bBantam Books, _c1992. |
||
| 300 |
_a296 p. ; _c24 cm. |
||
| 650 | 0 |
_aCole, Elvis (Fictitious character) _xFiction. _912131 |
|
| 650 | 0 |
_aPrivate investigators _zCalifornia _zLos Angeles _xFiction. _912067 |
|
| 651 | 0 |
_aLos Angeles (Calif.) _xFiction. _98349 |
|
| 655 | 7 |
_aDetective and mystery stories. _2gsafd _92977 |
|
| 906 |
_a7 _bcbc _corignew _d1 _eocip _f19 _gy-gencatlg |
||
| 942 |
_2ddc _cBK |
||
| 999 |
_c174461 _d174461 |
||